Encyclopedia of advanced materials. 4 V. (Record no. 40660)

MARC details
000 -LEADER
fixed length control field 00284nam a2200109Ia 4500
082 ## - DEWEY DECIMAL CLASSIFICATION NUMBER
Classification number 620(031)
Item number BLO
100 ## - MAIN ENTRY--AUTHOR NAME
Personal name Bloor, David
245 #0 - TITLE STATEMENT
Title Encyclopedia of advanced materials. 4 V.
260 ## - PUBLICATION, DISTRIBUTION, ETC. (IMPRINT)
Place of publication New York
Name of publisher Pergamon
Year of publication 1994
942 ## - ADDED ENTRY ELEMENTS (KOHA)
Koha item type Books
Holdings
Withdrawn status Lost status Damaged status Not for loan Home library Current library Date acquired Cost, normal purchase price Full call number Accession Number Koha item type
        RRII Library RRII Library 16/12/2021 750.00 620(031) BLO 20958 Books